[Event "Stay Safe Play From Home 205"]
[Site "T#646634Emanuel Laske"]
[Date "2020.06.07"]
[Round "2"]
[White "Fischer_11"]
[Black "Rogan"]
[Result "1/2-1/2"]
[WhiteElo "2061"]
[BlackElo "2145"]
[Annotator "NA RC"]
[PlyCount "131"]
[EventDate "2020.06.07"]
[EventType "swiss (blitz)"]

1. e4 {[%emt 0:00:03]} d5 {[%emt 0:00:01]} 2. a3 {[%emt 0:00:02]} dxe4 {[%emt 0:00:01]} 3. Nc3 {[%emt 0:00:00]} Nf6 {[%emt 0:00:03]} 4. Qe2 {[%emt 0:00:01]} Qd4 {[%emt 0:00:01]} 5. f3 {[%emt 0:00:01]} Bf5 {[%emt 0:00:03]} 6. Qb5+ {[%emt 0:00:05]} Nbd7 {[%emt 0:00:03]} 7. Qxf5 {[%emt 0:00:01]} e6 {[%emt 0:00:04]} 8. Qf4 {[%emt 0:00:03]} Bd6 {[%emt 0:00:02]} 9. Qe3 {[%emt 0:00:01]} Qe5 {[%emt 0:00:02]} 10. fxe4 {[%emt 0:00:02]} Bc5 {[%emt 0:00:01]} 11. Qe2 {[%emt 0:00:02]} h5 {[%emt 0:00:03]} 12. Nf3 {[%emt 0:00:01]} Qd6 {[%emt 0:00:05]} 13. e5 {[%emt 0:00:03]} Qc6 {[%emt 0:00:05]} 14. exf6 {[%emt 0:00:01]} Nxf6 {[%emt 0:00:00]} 15. d4 {[%emt 0:00:01]} Bb6 {[%emt 0:00:01]} 16. Qb5 {[%emt 0:00:01]} Qxb5 {[%emt 0:00:03]} 17. Bxb5+ {[%emt 0:00:00]} c6 {[%emt 0:00:00]} 18. Bd3 {[%emt 0:00:02]} Ng4 {[%emt 0:00:01]} 19. h3 {[%emt 0:00:02]} Nf6 {[%emt 0:00:00]} 20. Bg5 {[%emt 0:00:02]} O-O-O {[%emt 0:00:00]} 21. O-O-O {[%emt 0:00:02]} Bxd4 {[%emt 0:00:01]} 22. Nxd4 {[%emt 0:00:01]} Rxd4 {[%emt 0:00:00]} 23. Bxf6 {[%emt 0:00:02]} gxf6 {[%emt 0:00:00]} 24. g4 {[%emt 0:00:03]} hxg4 {[%emt 0:00:02]} 25. hxg4 {[%emt 0:00:00]} Rxh1 {[%emt 0:00:01]} 26. Rxh1 {[%emt 0:00:01]} Rxg4 {[%emt 0:00:00]} 27. Rf1 {[%emt 0:00:01]} f5 {[%emt 0:00:01]} 28. Be2 {[%emt 0:00:01]} Rg7 {[%emt 0:00:01]} 29. Kd2 {[%emt 0:00:01]} Kd7 {[%emt 0:00:00]} 30. Ke3 {[%emt 0:00:00]} Ke7 {[%emt 0:00:00]} 31. Na4 {[%emt 0:00:01]} b6 {[%emt 0:00:01]} 32. Nc3 {[%emt 0:00:01]} Kf6 {[%emt 0:00:00]} 33. Nd1 {[%emt 0:00:00]} e5 {[%emt 0:00:01]} 34. Nf2 {[%emt 0:00:00]} f4+ {[%emt 0:00:00]} 35. Kf3 {[%emt 0:00:01]} Ke6 {[%emt 0:00:00]} 36. Ne4 {[%emt 0:00:00]} f5 {[%emt 0:00:01]} 37. Nc3 {[%emt 0:00:01]} Rg3+ {[%emt 0:00:00]} 38. Kf2 {[%emt 0:00:00]} e4 {[%emt 0:00:01]} 39. Rg1 {[%emt 0:00:00]} Rh3 {[%emt 0:00:04]} 40. Rg6+ {[%emt 0:00:01]} Ke5 {[%emt 0:00:00]} 41. Rg8 {[%emt 0:00:00]} f3 {[%emt 0:00:01]} 42. Re8+ {[%emt 0:00:00]} Kf4 {[%emt 0:00:01]} 43. Bf1 {[%emt 0:00:00]} Rh2+ {[%emt 0:00:01]} 44. Ke1 {[%emt 0:00:00]} Rxc2 {[%emt 0:00:01]} 45. Rf8 {[%emt 0:00:00]} Ke3 {[%emt 0:00:01]} 46. Nd1+ {[%emt 0:00:01]} Kf4 {[%emt 0:00:01]} 47. Rd8 {[%emt 0:00:00]} e3 {[%emt 0:00:01]} 48. Rd2 {[%emt 0:00:00]} Rxd2 {[%emt 0:00:01]} 49. Nxe3 {[%emt 0:00:02]} Rd1+ {[%emt 0:00:00]} 50. Kxd1 {[%emt 0:00:01]} Kg3 {[%emt 0:00:00]} 51. Ke1 {[%emt 0:00:00]} f2+ {[%emt 0:00:01]} 52. Ke2 {[%emt 0:00:02]} f4 {[%emt 0:00:00]} 53. Nd1 {[%emt 0:00:00]} f3+ {[%emt 0:00:00]} 54. Ke3 {[%emt 0:00:01]} Kh2 {[%emt 0:00:00]} 55. Nxf2 {[%emt 0:00:00]} Kg1 {[%emt 0:00:00]} 56. Kxf3 {[%emt 0:00:00]} Kxf1 {[%emt 0:00:00]} 57. Ke3 {[%emt 0:00:00]} Ke1 {[%emt 0:00:00]} 58. Ne4 {[%emt 0:00:00]} Kd1 {[%emt 0:00:00]} 59. Kd4 {[%emt 0:00:01]} Kc1 {[%emt 0:00:00]} 60. Kc4 {[%emt 0:00:00]} Kxb2 {[%emt 0:00:00]} 61. Nd6 {[%emt 0:00:01]} Kxa3 {[%emt 0:00:00]} 62. Nb5+ {[%emt 0:00:00]} Ka2 {[%emt 0:00:00]} 63. Nxa7 {[%emt 0:00:00]} b5+ {[%emt 0:00:00]} 64. Kb4 {[%emt 0:00:01]} c5+ {[%emt 0:00:01]} 65. Kxb5 {[%emt 0:00:01] .} c4 {[%emt 0:00:01]} 66. Kxc4 {[%emt 0:00:00] (Lag: Av=0.28s, max=0.5s)} 1/2-1/2

[Event "Stay Safe Play From Home 205"]
[Site "T#646634Emanuel Laske"]
[Date "2020.06.07"]
[Round "2"]
[White "Haxhi Baha"]
[Black "SoulofWolf"]
[Result "0-1"]
[WhiteElo "2038"]
[BlackElo "2218"]
[Annotator "TA"]
[PlyCount "110"]
[EventDate "2020.06.07"]
[EventType "swiss (blitz)"]

{[%evp 9,110,46,73,76,77,41,91,63,84,60,68,39,44,8,77,2,55,35,29,21,32,-44,0,0,19,-25,-13,-16,2,-20,-16,-24,-24,-27,-18,-41,-38,-48,-41,-48,-41,-47,-10,-139,-10,-32,-32,-63,-41,-154,-99,-161,-40,-119,-91,-231,-231,-231,-225,-231,-148,-305,-140,-195,-212,-236,-137,-164,-114,-141,-114,-225,-141,-297,-291,-269,-252,-451,-46,-51,-16,-16,0,-21,0,-126,-120,-126,-126,-147,22,-630,-52,-52,-27,-5964,-5964,-2400,-1799,-12844,-12844,-12845,-12842]} 1. e4 e6 2. d4 c5 3. d5 exd5 4. exd5 d6 5. c4 Be7 6. Nc3 {[#] A43: Schmid Benoni.} Bf6 $146 ({Predecessor:} 6... Nf6 7. Bd3 O-O 8. Nge2 Nbd7 9. f4 Re8 10. O-O Nf8 11. Qc2 a6 12. Ng3 Bd7 13. a4 b5 14. axb5 axb5 15. Rxa8 Qxa8 16. cxb5 Nxd5 17. Bc4 Nxc3 18. Qxc3 {0-1 (40) Carvajal Pena,D (1894)-Hernandez Alvarez,T (2071) San Jose 2020}) 7. Nf3 Ne7 8. Bd3 {White is better.} Ng6 9. O-O O-O 10. h3 Nd7 11. Re1 Re8 (11... Nde5 $11) 12. Be3 (12. Rxe8+ $16 Qxe8 13. Ne4) 12... a6 (12... Bxc3 $11 13. bxc3 Nde5) 13. Qc2 Nde5 14. Nxe5 Bxe5 15. Re2 (15. Qd2 $14) 15... Bd7 16. Rae1 Qf6 17. Qd2 (17. Ne4 {keeps more tension.} Qh4 18. Bg5 Qh5 19. Bd2 b5 20. Ng5) 17... Nf4 18. Bxf4 $1 Bxf4 19. Rxe8+ Rxe8 20. Rxe8+ Bxe8 21. Qe2 {[%cal Re2e8]} Qe5 22. Qxe5 Bxe5 $11 {[%mdl 4096] Endgame KBB-KBN} 23. Kf1 g6 24. Ke2 f5 25. g3 f4 26. h4 (26. Ne4 $11 {remains equal.}) 26... Bd7 (26... fxg3 $17 {Strongly threatening ...g2.} 27. fxg3 Bxg3) 27. gxf4 Bxf4 28. f3 Be5 29. Nd1 (29. Ne4 $15) 29... Kf7 (29... Bg3 $142 30. Nc3 Bxh4) 30. b3 (30. Kf2 $17 {is a better defense.}) 30... Kg7 (30... Bg3 $19 31. Nc3 Bxh4) 31. Ne3 ({White should play} 31. Nf2 $1 $15) 31... Bg3 $17 32. Ng2 (32. h5 $17) 32... Bh3 $19 33. Ne3 {intending h5.} Bxh4 34. f4 Be7 35. f5 $2 (35. Nf1 $17 {was worth a try.}) 35... Kf6 (35... Bg5 $19 {aiming for ...Bxe3.} 36. fxg6 hxg6) 36. fxg6 (36. Kf3 $17) 36... hxg6 37. Kf3 {[#]} Bd7 ({Black should try} 37... Kg5 $1 $19 38. Kg3 Bd7) 38. Ng4+ Kg7 39. Kf4 Bh4 40. Ne3 (40. a4 $17) 40... Be1 41. Ng2 $2 (41. Ng4 $17) 41... Bd2+ 42. Kf3 Bc1 43. Nf4 $2 {[#]} (43. Ne1 {was called for.}) 43... Kf6 $2 ({Better is} 43... Bxf4 $1 $19 44. Kxf4 Kf6) 44. Nxg6 $15 Bh3 45. Nf4 Bd7 46. Ne6 b5 47. cxb5 (47. Nd8 $11) 47... axb5 $17 {[%cal Ba6b5,Bb5b4][%mdl 32]} 48. Nc7 b4 49. Nb5 Bg5 $2 (49... Ke5 $17 50. Nc7 Bd2) 50. Ke4 $2 {[%mdl 8192]} (50. Nxd6 $11 Bh6 51. Ne4+ Ke5 52. Nxc5) 50... Ke7 $2 (50... Bf5+ $19 51. Kf3 Bxd3 52. Nxd6 Ke7) 51. Kf3 $15 Bh6 52. Be4 $2 {[%mdl 8192]} (52. a4 $11) 52... Bxb5 $19 {Black is clearly winning.} 53. Bf5 Bd7 54. Ke4 Bxf5+ 55. Kxf5 Bg7 {Accuracy: White = 31%, Black = 38%.} 0-1

[Event "Stay Safe Play From Home 205"]
[Site "T#646634Emanuel Laske"]
[Date "2020.06.07"]
[Round "2"]
[White "Lazieri3"]
[Black "Sfantul321"]
[Result "1-0"]
[WhiteElo "1998"]
[BlackElo "1957"]
[Annotator "NA RC"]
[PlyCount "105"]
[EventDate "2020.06.07"]
[EventType "swiss (blitz)"]

1. e4 {[%emt 0:00:01]} g6 {[%emt 0:00:00]} 2. Nc3 {[%emt 0:00:01]} Bg7 {[%emt 0:00:00]} 3. Bc4 {[%emt 0:00:01]} d6 {[%emt 0:00:00]} 4. d3 {[%emt 0:00:01]} Nf6 {[%emt 0:00:01]} 5. Be3 {[%emt 0:00:00]} O-O {[%emt 0:00:01]} 6. Qd2 {[%emt 0:00:01]} c5 {[%emt 0:00:01]} 7. Bh6 {[%emt 0:00:01]} Nc6 {[%emt 0:00:01]} 8. h4 {[%emt 0:00:01]} Ng4 {[%emt 0:00:01]} 9. Bxg7 {[%emt 0:00:01]} Kxg7 {[%emt 0:00:00]} 10. h5 {[%emt 0:00:00]} Rh8 {[%emt 0:00:02]} 11. h6+ {[%emt 0:00:01]} Kg8 {[%emt 0:00:03]} 12. f3 {[%emt 0:00:01]} Nf6 {[%emt 0:00:01]} 13. Nge2 {[%emt 0:00:01]} e6 {[%emt 0:00:01]} 14. O-O-O {[%emt 0:00:03]} d5 {[%emt 0:00:01]} 15. exd5 {[%emt 0:00:01]} exd5 {[%emt 0:00:01]} 16. Bb5 {[%emt 0:00:01]} Be6 {[%emt 0:00:00]} 17. d4 {[%emt 0:00:01]} c4 {[%emt 0:00:01]} 18. Bxc6 {[%emt 0:00:01]} bxc6 {[%emt 0:00:01]} 19. Nf4 {[%emt 0:00:00]} Qd6 {[%emt 0:00:01]} 20. Nxe6 {[%emt 0:00:02]} fxe6 {[%emt 0:00:01]} 21. Rde1 {[%emt 0:00:00]} Kf7 {[%emt 0:00:01]} 22. g4 {[%emt 0:00:01]} Rhe8 {[%emt 0:00:02]} 23. Na4 {[%emt 0:00:03]} Nd7 {[%emt 0:00:02]} 24. f4 {[%emt 0:00:02]} Kg8 {[%emt 0:00:02]} 25. Rhf1 {[%emt 0:00:03]} Rf8 {[%emt 0:00:02]} 26. Rf2 {[%emt 0:00:01]} Rf7 {[%emt 0:00:01]} 27. Ref1 {[%emt 0:00:01]} Raf8 {[%emt 0:00:01]} 28. Qa5 {[%emt 0:00:02]} Nb6 {[%emt 0:00:03]} 29. Nxb6 {[%emt 0:00:01]} axb6 {[%emt 0:00:01]} 30. Qxb6 {[%emt 0:00:01]} Rxf4 {[%emt 0:00:02]} 31. Rxf4 {[%emt 0:00:01]} Rxf4 {[%emt 0:00:01]} 32. Rd1 {[%emt 0:00:00]} Rf8 {[%emt 0:00:02]} 33. a4 {[%emt 0:00:02]} Qf4+ {[%emt 0:00:02]} 34. Kb1 {[%emt 0:00:01]} Qxg4 {[%emt 0:00:00]} 35. Rc1 {[%emt 0:00:01]} Qg5 {[%emt 0:00:01]} 36. a5 {[%emt 0:00:01]} Qxh6 {[%emt 0:00:01]} 37. a6 {[%emt 0:00:01]} Qg7 {[%emt 0:00:00]} 38. Qxc6 {[%emt 0:00:01]} Qe7 {[%emt 0:00:02]} 39. Qb6 {[%emt 0:00:03]} Ra8 {[%emt 0:00:02]} 40. Re1 {[%emt 0:00:01]} Qd7 {[%emt 0:00:04]} 41. Rxe6 {[%emt 0:00:02]} c3 {[%emt 0:00:01]} 42. bxc3 {[%emt 0:00:03]} Qc8 {[%emt 0:00:02]} 43. Rc6 {[%emt 0:00:02]} Qb8 {[%emt 0:00:01]} 44. Qxb8+ {[%emt 0:00:01]} Rxb8+ {[%emt 0:00:00]} 45. Kc1 {[%emt 0:00:00]} Ra8 {[%emt 0:00:00]} 46. c4 {[%emt 0:00:01]} Kf7 {[%emt 0:00:00]} 47. cxd5 {[%emt 0:00:01]} Ke7 {[%emt 0:00:00]} 48. c4 {[%emt 0:00:00]} g5 {[%emt 0:00:01]} 49. Kc2 {[%emt 0:00:00]} h5 {[%emt 0:00:01]} 50. Kd3 {[%emt 0:00:00]} g4 {[%emt 0:00:01]} 51. Re6+ {[%emt 0:00:01]} Kf7 {[%emt 0:00:01]} 52. Rh6 {[%emt 0:00:00]} Rxa6 {[%emt 0:00:02]} 53. Rxa6 {[%emt 0:00:01] Time (Lag: Av=0.34s, max=0.6s)} 1-0

[Event "Stay Safe Play From Home 205"]
[Site "T#646634Emanuel Laske"]
[Date "2020.06.07"]
[Round "2"]
[White "Chase the sun"]
[Black "Mandy"]
[Result "1-0"]
[WhiteElo "1774"]
[BlackElo "937"]
[Annotator "NA RC"]
[PlyCount "35"]
[EventDate "2020.06.07"]
[EventType "swiss (blitz)"]

1. e4 {[%emt 0:00:01]} c6 {[%emt 0:00:02]} 2. Nc3 {[%emt 0:00:01]} d5 {[%emt 0:00:01]} 3. d4 {[%emt 0:00:00]} dxe4 {[%emt 0:00:02]} 4. Nxe4 {[%emt 0:00:00]} Nf6 {[%emt 0:00:01]} 5. Nxf6+ {[%emt 0:00:05]} gxf6 {[%emt 0:00:03]} 6. g3 {[%emt 0:00:01]} e5 {[%emt 0:00:03]} 7. c3 {[%emt 0:00:05]} Bf5 {[%emt 0:00:02]} 8. Bg2 {[%emt 0:00:01]} Bd6 {[%emt 0:00:04]} 9. Be3 {[%emt 0:00:01]} O-O {[%emt 0:00:03]} 10. Nf3 {[%emt 0:00:02]} Qe7 {[%emt 0:00:04]} 11. Qd2 {[%emt 0:00:03]} Nd7 {[%emt 0:00:02]} 12. O-O-O {[%emt 0:00:02]} Rad8 {[%emt 0:00:02]} 13. Bh6 {[%emt 0:00:03]} Rfe8 {[%emt 0:00:03]} 14. Nh4 {[%emt 0:00:01]} Be6 {[%emt 0:00:09]} 15. f4 {[%emt 0:00:04]} exf4 {[%emt 0:00:03]} 16. Bxf4 {[%emt 0:00:01]} Bxf4 {[%emt 0:00:05]} 17. Qxf4 {[%emt 0:00:00]} c5 {[%emt 0:00:09]} 18. Qh6 {[%emt 0:00:02] Zeit (Lag: Av=0.42s, max=0.6s)} 1-0

[Event "Stay Safe Play From Home 205"]
[Site "T#646634Emanuel Laske"]
[Date "2020.06.07"]
[Round "2"]
[White "Edmatuag"]
[Black "Möwe"]
[Result "1-0"]
[WhiteElo "1723"]
[BlackElo "1484"]
[Annotator "NA RC"]
[PlyCount "73"]
[EventDate "2020.06.07"]
[EventType "swiss (blitz)"]

1. e3 {[%emt 0:00:01]} d5 {[%emt 0:00:01]} 2. d4 {[%emt 0:00:00]} e5 {[%emt 0:00:00]} 3. Nc3 {[%emt 0:00:00]} c5 {[%emt 0:00:01]} 4. dxe5 {[%emt 0:00:01]} d4 {[%emt 0:00:01]} 5. exd4 {[%emt 0:00:01]} cxd4 {[%emt 0:00:00]} 6. Nce2 {[%emt 0:00:01]} Bb4+ {[%emt 0:00:00]} 7. c3 {[%emt 0:00:02]} dxc3 {[%emt 0:00:01]} 8. bxc3 {[%emt 0:00:00]} Qxd1+ {[%emt 0:00:01]} 9. Kxd1 {[%emt 0:00:00]} Be7 {[%emt 0:00:02]} 10. Kc2 {[%emt 0:00:02]} Nc6 {[%emt 0:00:00]} 11. Be3 {[%emt 0:00:02]} Bf5+ {[%emt 0:00:00]} 12. Kb2 {[%emt 0:00:03]} Nh6 {[%emt 0:00:01]} 13. Bxh6 {[%emt 0:00:03]} gxh6 {[%emt 0:00:01]} 14. f4 {[%emt 0:00:00]} O-O {[%emt 0:00:03]} 15. Ng3 {[%emt 0:00:01]} Rfc8 {[%emt 0:00:02]} 16. Nxf5 {[%emt 0:00:02]} Bc5 {[%emt 0:00:01]} 17. Nf3 {[%emt 0:00:02]} Kf8 {[%emt 0:00:01]} 18. Nxh6 {[%emt 0:00:01]} Na5 {[%emt 0:00:04]} 19. Nf5 {[%emt 0:00:00]} Bf2 {[%emt 0:00:03]} 20. N3d4 {[%emt 0:00:01]} Bxd4 {[%emt 0:00:02]} 21. Nxd4 {[%emt 0:00:02]} Nc6 {[%emt 0:00:00]} 22. Nxc6 {[%emt 0:00:02]} bxc6 {[%emt 0:00:01]} 23. Bd3 {[%emt 0:00:00]} Rab8+ {[%emt 0:00:01]} 24. Kc2 {[%emt 0:00:01]} Rd8 {[%emt 0:00:01]} 25. Rab1 {[%emt 0:00:01]} Rbc8 {[%emt 0:00:02]} 26. Bxh7 {[%emt 0:00:02]} Rd5 {[%emt 0:00:02]} 27. Be4 {[%emt 0:00:01]} Ra5 {[%emt 0:00:02]} 28. Rb2 {[%emt 0:00:03]} c5 {[%emt 0:00:02]} 29. Rd1 {[%emt 0:00:01]} c4 {[%emt 0:00:01]} 30. Rd6 {[%emt 0:00:01]} Ke7 {[%emt 0:00:02]} 31. Bd5 {[%emt 0:00:01]} Rg8 {[%emt 0:00:02]} 32. Rb7+ {[%emt 0:00:02]} Kf8 {[%emt 0:00:07]} 33. Rxf7+ {[%emt 0:00:03]} Ke8 {[%emt 0:00:01]} 34. Rb7 {[%emt 0:00:03]} Rxg2+ {[%emt 0:00:02]} 35. Kc1 {[%emt 0:00:02]} Raxa2 {[%emt 0:00:02]} 36. Bc6+ {[%emt 0:00:01]} Kf8 {[%emt 0:00:05]} 37. Rd8# {[%emt 0:00:00] (Lag: Av=0.58s, max=1.1s)} 1-0

[Event "Stay Safe Play From Home 205"]
[Site "T#646634Emanuel Laske"]
[Date "2020.06.07"]
[Round "2"]
[White "Trotsky"]
[Black "EL sanbary"]
[Result "0-1"]
[WhiteElo "1596"]
[BlackElo "1893"]
[Annotator "NA RC"]
[PlyCount "68"]
[EventDate "2020.06.07"]
[EventType "swiss (blitz)"]

1. d4 {[%emt 0:00:02]} d5 {[%emt 0:00:01]} 2. e3 {[%emt 0:00:00]} e6 {[%emt 0:00:01]} 3. c4 {[%emt 0:00:01]} Nf6 {[%emt 0:00:01]} 4. Nc3 {[%emt 0:00:01]} Be7 {[%emt 0:00:01]} 5. Nf3 {[%emt 0:00:01]} O-O {[%emt 0:00:01]} 6. Qd2 {[%emt 0:00:00]} b6 {[%emt 0:00:01]} 7. Qc2 {[%emt 0:00:01]} dxc4 {[%emt 0:00:01]} 8. Bxc4 {[%emt 0:00:02]} Ba6 {[%emt 0:00:01]} 9. Bd3 {[%emt 0:00:01]} Bxd3 {[%emt 0:00:01]} 10. Qxd3 {[%emt 0:00:01]} Nbd7 {[%emt 0:00:00]} 11. Bd2 {[%emt 0:00:01]} c5 {[%emt 0:00:01]} 12. h4 {[%emt 0:00:01]} cxd4 {[%emt 0:00:02]} 13. exd4 {[%emt 0:00:01]} Nd5 {[%emt 0:00:02]} 14. Ng5 {[%emt 0:00:01]} g6 {[%emt 0:00:03]} 15. h5 {[%emt 0:00:01]} Bxg5 {[%emt 0:00:04]} 16. hxg6 {[%emt 0:00:01]} fxg6 {[%emt 0:00:00]} 17. Ne4 {[%emt 0:00:05]} Bxd2+ {[%emt 0:00:03]} 18. Kxd2 {[%emt 0:00:02]} N7f6 {[%emt 0:00:01]} 19. Ng5 {[%emt 0:00:02]} Qd7 {[%emt 0:00:04]} 20. Rh6 {[%emt 0:00:04]} Rfe8 {[%emt 0:00:02]} 21. Rah1 {[%emt 0:00:02]} Re7 {[%emt 0:00:01]} 22. Rxg6+ {[%emt 0:00:01]} hxg6 {[%emt 0:00:02]} 23. Qxg6+ {[%emt 0:00:01]} Rg7 {[%emt 0:00:01]} 24. Qh6 {[%emt 0:00:04]} Kf8 {[%emt 0:00:08]} 25. Qh8+ {[%emt 0:00:04]} Ng8 {[%emt 0:00:01]} 26. Nh7+ {[%emt 0:00:02]} Kf7 {[%emt 0:00:01]} 27. Ng5+ {[%emt 0:00:02]} Kf6 {[%emt 0:00:01]} 28. Ne4+ {[%emt 0:00:07]} Kf5 {[%emt 0:00:04]} 29. Rh5+ {[%emt 0:00:03]} Kxe4 {[%emt 0:00:01]} 30. f3+ {[%emt 0:00:01]} Kxd4 {[%emt 0:00:01]} 31. Rh4+ {[%emt 0:00:03]} Kc5 {[%emt 0:00:01]} 32. Qh5 {[%emt 0:00:01]} Kc6 {[%emt 0:00:03]} 33. Kc1 {[%emt 0:00:01]} Ne3 {[%emt 0:00:01]} 34. Rd4 {[%emt 0:00:01]} Qxd4 {[%emt 0:00:01] ' Âðåìÿ (Lag: Av=0.33s, max=0.9s)} 0-1

[Event "Stay Safe Play From Home 205"]
[Site "T#646634Emanuel Laske"]
[Date "2020.06.07"]
[Round "2"]
[White "Cubail"]
[Black "Haris kollari 13"]
[Result "0-1"]
[WhiteElo "1363"]
[BlackElo "1620"]
[Annotator "NA RC"]
[PlyCount "46"]
[EventDate "2020.06.07"]
[EventType "swiss (blitz)"]

1. f4 {[%emt 0:00:02]} e6 {[%emt 0:00:00]} 2. e4 {[%emt 0:00:01]} d5 {[%emt 0:00:00]} 3. e5 {[%emt 0:00:01]} c5 {[%emt 0:00:01]} 4. Nf3 {[%emt 0:00:01]} Nc6 {[%emt 0:00:01]} 5. c3 {[%emt 0:00:01]} c4 {[%emt 0:00:01]} 6. d4 {[%emt 0:00:02]} cxd3 {[%emt 0:00:01]} 7. Bxd3 {[%emt 0:00:02]} Bc5 {[%emt 0:00:00]} 8. b4 {[%emt 0:00:03]} Bb6 {[%emt 0:00:02]} 9. a4 {[%emt 0:00:01]} a5 {[%emt 0:00:01]} 10. b5 {[%emt 0:00:02]} Nce7 {[%emt 0:00:01]} 11. Ba3 {[%emt 0:00:03]} Ng6 {[%emt 0:00:01]} 12. g3 {[%emt 0:00:03]} N8e7 {[%emt 0:00:01]} 13. Nd4 {[%emt 0:00:07]} Bd7 {[%emt 0:00:01]} 14. Bd6 {[%emt 0:00:02]} Rc8 {[%emt 0:00:01]} 15. O-O {[%emt 0:00:03]} Bc5 {[%emt 0:00:01]} 16. Nd2 {[%emt 0:00:03]} Bb6 {[%emt 0:00:03]} 17. Ra3 {[%emt 0:00:03]} Rxc3 {[%emt 0:00:02]} 18. Rxc3 {[%emt 0:00:02]} Bxd4+ {[%emt 0:00:01]} 19. Kg2 {[%emt 0:00:03]} Bxc3 {[%emt 0:00:00]} 20. Nb3 {[%emt 0:00:02]} Nc8 {[%emt 0:00:02]} 21. Qc2 {[%emt 0:00:02]} d4 {[%emt 0:00:06]} 22. Bxg6 {[%emt 0:00:05]} hxg6 {[%emt 0:00:01]} 23. Nd2 {[%emt 0:00:05]} Nxd6 {[%emt 0:00:01] Time (Lag: Av=0.47s, max=0.7s)} 0-1

[Event "Stay Safe Play From Home 205"]
[Site "T#646634Emanuel Laske"]
[Date "2020.06.07"]
[Round "3"]
[White "SoulofWolf"]
[Black "Mepe_Nika"]
[Result "0-1"]
[WhiteElo "2227"]
[BlackElo "2347"]
[Annotator "TA"]
[PlyCount "72"]
[EventDate "2020.06.07"]
[EventType "swiss (blitz)"]

{[%evp 13,72,18,56,25,60,53,48,37,30,9,25,-4,-10,-3,0,-65,-35,-58,-33,-52,-34,-75,-27,-67,547,562,562,555,641,527,661,538,538,544,525,464,611,441,611,400,436,441,438,433,402,302,321,285,285,-356,-346,-347,-345,-426,-358,-381,-348,-341,-337,-29994,-29995]} 1. c4 c6 2. Nc3 d6 3. e3 g6 4. Nf3 Bg7 5. d4 Nf6 6. Be2 O-O 7. O-O Bg4 8. Re1 {E61: King's Indian: Early deviations for White, including Smyslov System.} Bxf3 9. Bxf3 Nbd7 10. b3 {White is slightly better.} e5 {[#]} 11. Be2 $146 ({Predecessor:} 11. dxe5 dxe5 12. e4 Nc5 13. Be3 Ne6 14. b4 Qe7 15. Qa4 Nd4 16. Be2 Rfd8 17. Rac1 {0-1 (44) Le Bourhis,D (2065)-Okhotnik,V (2429) Rouen 2016}) 11... Re8 12. Bb2 exd4 13. exd4 d5 14. c5 (14. cxd5 $11 Nxd5 15. Nxd5 cxd5 16. Qd2) 14... Qc7 15. Bf3 Rad8 16. Qd2 h5 17. h3 Kh7 18. Bc1 Bh6 $2 {[%mdl 8192]} (18... Nf8 $15 {keeps the upper hand.}) 19. Qxh6+ $18 Kg8 {[%cal Re8e1]} 20. Bg5 Qc8 21. g4 hxg4 22. hxg4 {Strongly threatening Kg2.} Rxe1+ 23. Rxe1 {Hoping for Kg2.} Re8 24. Re2 Nh7 25. Bf4 Ndf8 26. Qh1 Rxe2 27. Bxe2 ({Don't play} 27. Nxe2 Ne6 $18) 27... Ne6 28. Be3 Qd8 29. Qg2 Qf6 30. f4 Nxd4 31. Bxd4 $4 {[%mdl 8192]} (31. Bd3 $18 {and life is good for White.}) 31... Qxd4+ $19 {[%mdl 64] [#] Double Attack} 32. Qf2 Qxc3 33. Bf3 Nf6 34. g5 Ne4 35. Bxe4 dxe4 36. Qe3 $2 {[#]} (36. Kg2 $19) 36... Qxe3+ {What a bad dream for White. Accuracy: White = 31%, Black = 47%.} 0-1

[Event "Stay Safe Play From Home 205"]
[Site "T#646634Emanuel Laske"]
[Date "2020.06.07"]
[Round "3"]
[White "Rogan"]
[Black "Lazieri3"]
[Result "1/2-1/2"]
[WhiteElo "2141"]
[BlackElo "2013"]
[Annotator "TA"]
[PlyCount "99"]
[EventDate "2020.06.07"]
[EventType "swiss (blitz)"]

{[%evp 9,99,-6,8,-2,4,5,14,4,15,19,18,15,13,4,11,-54,-48,-58,-59,-48,-41,-53,-45,-85,-83,-111,-101,-166,-161,-168,-151,-149,-153,-211,-120,-204,-204,-181,-97,-82,-96,-97,-86,-86,-64,-64,-64,-90,-89,-89,-72,-72,-72,-72,-72,-72,13,8,16,0,29971,29972,29972,29973,29973,29974,29975,29976,29977,29979,29983,29984,29984,29982,29982,29981,29982,29983,29983,29984,29984,0,0,0,29985,0,0,0,0,0,0,0]} 1. d4 c6 2. c3 d5 3. Nf3 Nf6 4. Bg5 Bf5 5. e3 e6 6. Bd3 {D02: 1 d4 d5 2 Nf3 sidelines, including 2...Nf6 3 g3 and 2...Nf6 3 Bf4.} Bxd3 7. Qxd3 Be7 8. O-O {[#]} Ne4 $146 ({Predecessor:} 8... O-O 9. Nbd2 Nbd7 10. Qc2 c5 11. Rfe1 Rc8 12. Re2 b5 13. a3 a5 14. Qd3 Re8 15. Bxf6 Bxf6 {0-1 (24) Maselli,D (1717)-Nordenbaek,J (2134) Helsingor 2015}) 9. Bxe7 Qxe7 10. Nbd2 Nxd2 11. Qxd2 Nd7 12. e4 (12. Qe2 $11) 12... dxe4 $15 13. Ne5 Nxe5 14. dxe5 O-O 15. Qf4 Rfd8 16. Qxe4 Rd2 17. b3 Rad8 18. Qf3 (18. b4 $17 {was worth a try.}) 18... Qc5 $19 19. Rad1 g6 20. Rxd2 Rxd2 $17 {[%mdl 4096] Endgame KQR-KQR} 21. Qf6 (21. Re1 $17) 21... h6 ({But not} 21... Rxa2 22. Qd8+ Qf8 23. Qd7 $17) (21... Qxc3 $19 22. h4 Qd3) 22. h4 (22. c4 $17) 22... Qxc3 $19 23. h5 {[#]} Qd3 ({Weaker is} 23... gxh5 24. Qxh6 Rd5 25. Qg5+ Kf8 26. Qh6+ Ke8 27. Qh8+ Kd7 28. Qxh5 $11) ({Better is} 23... g5 $1 $19 24. g3 Qd4) 24. hxg6 $17 Qxg6 25. Qe7 Rxa2 26. Qxb7 Qf5 27. Qxc6 Qxe5 28. Qe8+ Kg7 29. Qe7 Ra1 30. Rxa1 Qxa1+ {KQ-KQ} 31. Kh2 Qe5+ 32. g3 Qf6 (32... Qh5+ $17 33. Kg1 Qd1+ 34. Kg2 Qd5+ 35. Kf1 Qxb3 36. Qxa7 Qd1+ 37. Kg2 Qd5+ 38. Kf1 h5) 33. Qxa7 $11 Qc3 34. Qe3 (34. Qa4 {is more complex.} h5 35. Qb5 Kf6 36. Kg2 Qc2 37. Qb7) 34... Qxe3 $4 {[%mdl 8192] [#]} (34... Qb4 $11) 35. fxe3 {K3P-K3P} Kf6 36. Kh3 Ke5 37. Kh4 Kd5 38. Kh5 Kc5 39. Kxh6 {K3P-KPP} Kb5 40. Kg7 e5 41. Kf6 e4 42. Ke5 Kb4 43. Kxe4 Kxb3 {KPP-KP} 44. Kf5 Kc3 45. Kf6 $2 (45. e4 Kd2 46. e5 Kc3 47. Kf6 Kd4 48. Kxf7 Kxe5 49. Kg6 Ke4 50. g4) 45... Kd3 46. e4 Ke3 $2 {[%mdl 8192]} (46... Kxe4 $11 47. g4 Kf4) 47. g4 $2 (47. e5 {mates} Ke4 48. g4 Kd4 49. Kxf7 Kxe5 50. g5 Kd4 51. g6 Ke5 52. g7) 47... Kxe4 {The position is equal.} 48. g5 Kf4 49. g6 fxg6 50. Kxg6 {White used his chance. Accuracy: White = 70%, Black = 77%.} 1/2-1/2